000
00263nam a2200109Ia 4500
008
200302s9999 xx 000 0 und d
100
_a
M. S. N. Swamy
245
_a
Lighting What Everyone Should Know
260
_b
Msn Marketing
260
_c
2005
300
_a
166 P.,
999
_c
2447
_d
2447